| 000 | 00685nam a2200217Ia 4500 | ||
|---|---|---|---|
| 003 | GCL | ||
| 008 | 140319s9999 xx 000 0 ara d | ||
| 040 |
_aGCL / _cGCL |
||
| 082 | 0 | 4 |
_a324.2 _bص و |
| 100 | 1 | _aصلاح الدين منسى محمد | |
| 245 | 1 | 0 |
_aالوجود السياسى للفلاحين / _cصلاح الدين منسى محمد |
| 260 |
_a[S.N] : _bالعربية للدراسات والنشر |
||
| 300 | _a177 ص | ||
| 490 | _a | ||
| 650 | 0 | 4 | _aمصر |
| 650 | 0 | 4 | _aالاحوال الاجتماعية |
| 650 | 0 | 4 | _aالاحوال السياسية |
| 650 | 0 | 4 | _aالانتخابات |
| 650 | 0 | 4 | _aالانتخابات المحلية |
| 942 |
_2ddc _cBK |
||
| 999 |
_c54759 _d54759 |
||